[Event "Langley Labour Day op"]
[Site "Langley"]
[Date "2009.09.07"]
[Round "5.12"]
[White "Kornienkoc, Alexander"]
[Black "Martinson, Rick"]
[Result "1-0"]
[WhiteElo "1643"]
[BlackElo "1697"]
[PlyCount "63"]
[EventDate "2009.09.06"]
[EventType "swiss"]
[EventRounds "6"]
[EventCountry "CAN"]
[SourceTitle "EXT 2022"]
[Source "ChessBase"]
[SourceDate "2021.10.06"]
[SourceVersion "1"]
[SourceVersionDate "2021.10.06"]
[SourceQuality "1"]

1. e4 c5 2. Nc3 d6 3. f4 Nc6 4. Nf3 g6 5. Bb5 Bg7 6. 0-0 Bd7 7. Bxc6 bxc6 8. d3 Nf6 9. Qe1 0-0 10. Qh4 h5 11. f5 Nh7 12. Ne2 Bf6 13. Qg3 Kh8 14. fxg6 fxg6 15. Nf4 Be8 16. Ne6 Qc8 17. Nxf8 Nxf8 18. e5 dxe5 19. Nxe5 Kh7 20. Bg5 Qd8 21. Bxf6 exf6 22. Nc4 Bd7 23. Rae1 Be6 24. Nd6 f5 25. Re3 h4 26. Qe5 Qd7 27. Rfe1 Rd8 28. Nc4 Qf7 29. c3 Rd5 30. Qf4 Qf6 31. Qc7+ Kh6 32. Qxc6 1-0

[Event "Langley Labour Day op"]
[Site "Langley"]
[Date "2009.09.07"]
[Round "4.17"]
[White "Paulson, Stewart"]
[Black "Kornienkoc, Alexander"]
[Result "1-0"]
[WhiteElo "1596"]
[BlackElo "1643"]
[PlyCount "95"]
[EventDate "2009.09.06"]
[EventType "swiss"]
[EventRounds "6"]
[EventCountry "CAN"]
[SourceTitle "EXT 2022"]
[Source "ChessBase"]
[SourceDate "2021.10.06"]
[SourceVersion "1"]
[SourceVersionDate "2021.10.06"]
[SourceQuality "1"]

1. d4 d5 2. Nf3 Nc6 3. c3 Nf6 4. Bg5 Bg4 5. Nbd2 e6 6. Ne5 Be7 7. h3 Bf5 8. Ndf3 Nxe5 9. dxe5 Nd7 10. Qb3 b6 11. Bxe7 Qxe7 12. e3 Nc5 13. Qb5+ Qd7 14. Qxd7+ Nxd7 15. Bb5 0-0-0 16. Nd4 Nc5 17. 0-0 Bd3 18. Bxd3 Nxd3 19. f4 Rde8 20. Rab1 Nc5 21. c4 c6 22. Nxc6 Kb7 23. cxd5 exd5 24. Nd4 Ne4 25. Rfd1 a5 26. a4 Ka6 27. Nb5 Rc8 28. Rxd5 Rc5 29. Rd7 Ra8 30. Nc7+ Rxc7 31. Rxc7 Ra7 32. Rxa7+ Kxa7 33. Rd1 Nc5 34. Rd4 f6 35. b4 fxe5 36. fxe5 axb4 37. Rxb4 Ka6 38. Rd4 Ka5 39. e4 Ne6 40. Rd6 Nc5 41. Rd5 Kb4 42. Rd6 Nxe4 43. Rxb6+ Kc5 44. a5 Ng5 45. e6 Nxe6 46. Rxe6 Kd5 47. Rb6 Kc5 48. Rb1 1-0